ثورة فى عالم الادارة : (Record no. 67111)
[ view plain ]
| 000 -الفاتح | |
|---|---|
| حقل البيانات ثابتة الطول | 00965nam a2200241Ia 4500 |
| 005 - وقت وتاريخ اخر تعامل مع التسجيلة | |
| رقم الضبط | 20240530110957.0 |
| 008 - عناصر البيانات ثابتة الطول - معلومات عامة | |
| حقل البيانات ثابتة الطول | 140319s1995 xx 000 0 ara d |
| 020 ## - الرقم الدولى المعيارى للكتب | |
| الرقم الدولى المعيارى للكتاب | 9775107806 |
| 040 ## - مصدر الفهرسة | |
| وكالة الفهرسة الأصلية | GCL / |
| وكالة النسخ | GCL |
| 082 04 - رقم تصنيف ديوى العشرى | |
| رقم التصنيف | 658.3 / |
| رقم المادة | ب ث |
| رقم الطبعة | الاولى |
| 100 1# - المدخل الرئيسى - إسم شخصى | |
| الإسم الشخصى | بيترز ، توم |
| 245 10 - بيان العنوان | |
| العنوان | ثورة فى عالم الادارة : |
| بقية العنوان | كيف تتغلب اداريا على الفوضى / |
| بيان المسئوليه,etc | تاليف بيترز ، توم ؛ مترجم محمد الحديدى ؛ مراجع صليب بطرس . |
| رقم الجزء/قسم العمل | مج 1 . مج 2 . |
| 250 ## - بيان الطبعة | |
| بيان الطبعة | الاولى |
| 260 ## - PUBLICATION, DISTRIBUTION, ETC. (IMPRINT) | |
| تاريخ النشر أو التوزيع | 1995 |
| 300 ## - الوصف المادى | |
| التعداد | متعدد 2 مج ؛ |
| أبعاد الوعاء | 24 سم |
| 650 04 - المدخل الاضافى بالموضوع-مصطلح موضوعى | |
| مصطلح موضوعي | الادارة |
| 650 04 - المدخل الاضافى بالموضوع-مصطلح موضوعى | |
| مصطلح موضوعي | الادارة - تطوير |
| 650 04 - المدخل الاضافى بالموضوع-مصطلح موضوعى | |
| مصطلح موضوعي | الفوضى |
| 700 ## - المدخل الاضافى - اسم شخصى | |
| الإسم الشخصى | محمد الحديدى |
| الدور | مترجم |
| 700 ## - المدخل الاضافى - اسم شخصى | |
| الإسم الشخصى | صليب بطرس |
| الدور | مراجع |
| 942 ## - عناصر المدخل الإضافي( كوها) | |
| مصدر التصنيف او مخطط الترفيف | Dewey Decimal Classification |
| Koha [default] item type | كتاب |
| 260 ## - PUBLICATION, DISTRIBUTION, ETC. (IMPRINT) | |
| -- | القاهرة : |
| -- | الدار الدولية للنشر والتوزيع ، |
| حالة التراجع | حالة الفقد | حالة تلف | ليس للاعارة | المكان المؤقت | الموقع الحالى | موقع الترفيف | تاريخ الاكتساب | اجمالي اﻻعارات | رقم الطلب | الباركود | تاريخ اخر مشاهدة | تاريخ تفعيل السعر | نوع وعاء كوها |
|---|---|---|---|---|---|---|---|---|---|---|---|---|---|
| مكتبة القاهرة الكبرى | مكتبة القاهرة الكبرى | ق الرئيسية_الإدارة_ك عربى | 01/03/2023 | 658.3 / ب ث | 169144 | 01/03/2023 | 01/03/2023 | كتاب | |||||
| مكتبة القاهرة الكبرى | مكتبة القاهرة الكبرى | ق الرئيسية_الإدارة_ك عربى | 01/03/2023 | 658.3 / ب ث | 169145 | 01/03/2023 | 01/03/2023 | كتاب |

